00475nam a2200133Ia 450000500170000000800410001702000180005808200130007610000150008924500830010426000300018730000130021750001110023020250620034610.0240331s9999 xx 000 0 und d a9789551282011 a323bLIY aLiyanage,K 0aSthiri Purusha Desapalana NiyojanayaSamanada :bPangu krama Nya saha bawithaya bFried Ebert Stiftenc2012 a196 p ., aA book on is gender- based political participation acceptable? the seven methods of division and their use